| 000 -LEADER |
| fixed length control field |
00468cam a22001457a 4500 |
| 008 - FIXED-LENGTH DATA ELEMENTS--GENERAL INFORMATION |
| fixed length control field |
180718b1965 xxu||||| |||| 00| 0 eng d |
| 082 ## - DEWEY DECIMAL CLASSIFICATION NUMBER |
| Classification number |
K12x54 M692 |
| 100 ## - MAIN ENTRY--PERSONAL NAME |
| Personal name |
Mital, J.P. |
| 245 ## - TITLE STATEMENT |
| Title |
Relationship between the generalists and apecialists in some key departments |
| Statement of responsibility, etc. |
by J.P. Mital |
| 260 ## - PUBLICATION, DISTRIBUTION, ETC. |
| Place of publication, distribution, etc. |
Lucknow |
| Name of publisher, distributor, etc. |
Univ. of Lucknow |
| Date of publication, distribution, etc. |
1965 |
| 300 ## - PHYSICAL DESCRIPTION |
| Extent |
9-21p. |
| 500 ## - GENERAL NOTE |
| General note |
Text of lecture delivered on Nov.29, 1965 |
| 650 ## - SUBJECT ADDED ENTRY--TOPICAL TERM |
| Topical term or geographic name entry element |
Generalists |
| 650 ## - SUBJECT ADDED ENTRY--TOPICAL TERM |
| Topical term or geographic name entry element |
Civil Service - India |